Investments : Analysis and management /

保存先:
書誌詳細
第一著者: Jones, Charles P.
フォーマット: Sách giấy
言語:English
出版事項: New York : John Wiley and Sons , 1998
タグ: タグ追加
タグなし, このレコードへの初めてのタグを付けませんか!
Thư viện lưu trữ: Thư viện Trường Đại học Đà Lạt
LEADER 00574nam a2200241 4500
001 DLU020016854
005 ##12/29/2000
020 # # |a 978- 
041 # # |a eng 
082 # # |a 332.6  |b JO-C 
100 # # |a Jones, Charles P. 
245 # # |a Investments :  |b Analysis and management /  |c Charles P. Jones 
260 # # |a New York :  |b John Wiley and Sons ,  |c 1998 
300 # # |a 663 tr., ;   |c 26 cm. 
992 # # |a 1359433 
994 # # |a DLU 
900 # # |a False 
911 # # |a Administrator 
925 # # |a G 
926 # # |a A 
927 # # |a SH 
980 # # |a Thư viện Trường Đại học Đà Lạt